| 000 | 00436nam a2200133Ia 4500 | ||
|---|---|---|---|
| 008 | 191209s9999 xx 000 0 und d | ||
| 020 | _a9.7814380048e+012 | ||
| 100 | _aMontana, Patrick J. | ||
| 245 |
_cPatrick J Montana; Bruce H Charnov.-- _aManagement / |
||
| 260 |
_aHauppauge, NY : _b Barron's Educational Series, Inc. _c2015 |
||
| 300 |
_axvi, 55 pages. _c23 cm. |
||
| 500 | _aIncludes appendix and index. | ||
| 650 | _a Management. | ||
| 999 |
_c362871 _d362871 |
||